Expert systems in production engineering : proceedings of the international workshop, Spa, Belgium, August 18-22, 1986 /

Bibliographic Details
Corporate Author: United States. Army. European Research Office
Other Authors: Menges, Georg, 1923-, Hövelmanns, N. (Norbert), 1957-, Baur, E. (Erwin), 1955-
Format: Book
Language:English
Published: Berlin ; New York : Springer-Verlag, [1987]
Series:Lecture notes in engineering ; 29.
Subjects:

MARC

Tag First Indicator Second Indicator Subfields
LEADER 00000cam a2200000 a 4500
001 in00000008127
005 20151002070144.0
008 870824s1987 wb a b 10000 eng
010 |a  87023429  
020 |a 0387179275 (U.S.) :  |c $32.20 
035 |a (OCoLC)16647818 
035 |9 AAA0485AM 
040 |a DLC  |c DLC  |d TXA  |d UtOrBLW 
050 0 0 |a TS176  |b .E97 1987 
245 0 0 |a Expert systems in production engineering :  |b proceedings of the international workshop, Spa, Belgium, August 18-22, 1986 /  |c G. Menges, N. Hövelmanns, E. Baur (eds.). 
264 1 |a Berlin ;  |a New York :  |b Springer-Verlag,  |c [1987] 
264 4 |c ©1987 
300 |a iv, 245 pages :  |b illustrations ;  |c 25 cm. 
336 |a text  |b txt  |2 rdacontent 
337 |a unmediated  |b n  |2 rdamedia 
338 |a volume  |b nc  |2 rdacarrier 
490 1 |a Lecture notes in engineering ;  |v 29 
500 |a Sponsored by the European Research Office, U.S. Army Research, Development, and Standardisation Group (U.K.). 
500 |a Workshop held Aug. 18-22, 1986. 
504 |a Includes bibliographies. 
650 0 |a Production engineering  |v Congresses. 
650 0 |a Expert systems (Computer science)  |v Congresses. 
700 1 |a Menges, Georg,  |d 1923- 
700 1 |a Hövelmanns, N.  |q (Norbert),  |d 1957- 
700 1 |a Baur, E.  |q (Erwin),  |d 1955- 
710 1 |a United States.  |b Army.  |b European Research Office. 
830 0 |a Lecture notes in engineering ;  |v 29. 
999 |a MARS 
999 f f |s 99480305-22ab-3a11-bd43-7b51ab8f51f4  |i 9b8ed9e6-4115-3211-a7be-17b4081e13d2  |t 0 
952 f f |p ric  |a Texas A&M University  |b Rellis Campus  |c Joint Library Facility  |d Remote Storage  |t 0  |e TS176 .E97 1987  |h Library of Congress classification  |i unmediated -- volume  |m A14812615517 
998 f f |a TS176 .E97 1987  |t 0  |l Remote Storage